أثر إستراتيجيتي جانييه وهيلدا تابا والطريقة الإعتياديه في إكتساب طلبة المرحلة الأساسية للمفاهيم الفقهية : دراسة مقارنة /
Saved in:
| 主要作者: | |
|---|---|
| 其他作者: | |
| 格式: | Thesis |
| 語言: | Arabic |
| 出版: |
'Amman :
Jami'at 'Amman al-'Arabiyah lil-Dirasat al-'Ulya',
2006
|
| 主題: | |
| 標簽: |
添加標簽
沒有標簽, 成為第一個標記此記錄!
|
| LEADER | 017190000a22002650004500 | ||
|---|---|---|---|
| 008 | 120802s2006 jo f 000 0 ara d | ||
| 040 | |a UIAM |b eng | ||
| 041 | |a ara | ||
| 050 | 0 | 0 | |a LC910.3.J6 |
| 100 | 1 | |a زويد، محمود رفيق خضر | |
| 242 | 1 | 0 | |a Athar istiratijayti janiyyah wa Hilda taba wa-al-tariqah al-i'itiyadiyah fi iktisab talabat al-marhalah al-asasiyah lil-mafahim al-fiqhiyah : |b dirasat muqaranah |
| 245 | 1 | 0 | |a أثر إستراتيجيتي جانييه وهيلدا تابا والطريقة الإعتياديه في إكتساب طلبة المرحلة الأساسية للمفاهيم الفقهية : |b دراسة مقارنة / |c إعداد الطالب محمود رفيق خضر الزويد |
| 260 | |a 'Amman : |b Jami'at 'Amman al-'Arabiyah lil-Dirasat al-'Ulya', |c 2006 | ||
| 300 | |a [xxi], 321 leaves ; |c 30 cm. | ||
| 500 | |a "قدمت هذه الأطروحة إستكمالا لمتطلبات منح درجة دكتوره فلسفة تخصص مناهج وطرق تدريس التربية الإسلاميه في جامعة عمان العربية للدراسات العليا" --On t.p. | ||
| 502 | |a Thesis (Ph. D.)--Jami'at 'Amman al-'Arabiyah lil-dirasat al-'Ulya', 2006 | ||
| 504 | |a Includes bibliographical references (leaves 137-145). | ||
| 596 | |a 1 | ||
| 650 | 0 | |a Islamic education, Secondary |x Curricula |z Jordan | |
| 650 | 0 | |a Islamic education |x Study and teaching | |
| 655 | |a Theses, Facsimile edition (Islamic) | ||
| 700 | 1 | |a Zuwayd, Mahmud Rafiq Khadhr | |
| 900 | |a arf-ls | ||
| 999 | |c 435059 |d 464687 | ||
| 952 | |0 0 |6 TI LC 000910.3 J6 Z96A 2006 |7 0 |8 THESES |9 753841 |a IIUM |b IIUM |c MULTIMEDIA |g 370.00 |o ti LC910.3 J6 Z96A 2006 |p 00011225406 |r 2017-10-23 |t 1 |v 370.00 |y THESIS | ||
